Comiendo con Reyes /

محفوظ في:
التفاصيل البيبلوغرافية
مؤلفون آخرون: Cepeda, Luis (autor) (autor)
التنسيق: كتاب
اللغة:الإسبانية
منشور في: México : Posada, 1986, c1986
الوسوم: إضافة وسم
لا توجد وسوم, كن أول من يضع وسما على هذه التسجيلة!

MARC

LEADER 00000nam^a2200000^a^4500
001 000586817
005 20250521000000.0
009 20260310132757.41
020 |a 968-433-166-5 
037 |a Acervo ITESO - Biblioteca 
041 |a ESP 
091 |a FCR. 00032 
245 0 0 |a Comiendo con Reyes / 
264 4 |a México :  |b Posada,  |c 1986, c1986 
300 |a 233 p. 
336 |a texto  |b txt  |2 rdacontenido 
337 |a sin mediación  |b n  |2 rdamedio 
338 |a volumen  |b nc  |2 rdasoporte 
649 |a XX 
700 |a Cepeda, Luis  |e (autor) 
910 |a Fondo Cristina Romo Gil 
920 |a Impresos - Libros 
930 |a Fondos Especiales 
905 |a 143 
901 |a 0900116391  |b IT2  |c ESP  |i D122955  |u 20250521 
902 |a https://opac.biblio.iteso.mx/vufind/Record/000586817